[Event "EU-Cup 21st"]
[Site "Saint Vincent"]
[Date "2005.09.19"]
[Round "2.2"]
[White "Grischuk, Alexander"]
[Black "Avrukh, Boris"]
[Result "1/2-1/2"]
[WhiteElo "2720"]
[BlackElo "2652"]
[Annotator "Erenburg,S"]
[PlyCount "129"]
[EventDate "2005.09.18"]
[EventType "team-swiss"]
[EventRounds "7"]
[EventCountry "ITA"]
[SourceTitle "CBM 110"]
[Source "ChessBase"]
[SourceDate "2006.01.31"]
[SourceVersion "1"]
[SourceVersionDate "2006.01.31"]
[SourceQuality "1"]
[WhiteTeam "Paris NAO"]
[BlackTeam "Beer Sheva"]
[WhiteTeamCountry "FRA"]
[BlackTeamCountry "ISR"]

{[%mdl 768]} 1. e4 e5 2. Nf3 Nc6 3. Bb5 a6 4. Ba4 Nf6 5. O-O Be7 6. Re1 b5 7.
Bb3 d6 8. c3 O-O 9. a3 {This rare continuation has its point- White covers the
b4 square, liberates the a2 square for the light-squared bishop. Also, this
move is semi-waiting: White waits for Black's actions, that will define his
plans.} Be6 {Black offers a trade of the light-squared bishops, which is
considered as the most popular continuation. Other possibilities are:} (9...
Re8 10. d4 h6 11. Nbd2 Bf8 12. Ba2 Bd7 13. b4 a5 14. Qb3 Re7 (14... Qe7 15. d5
Nd8 16. c4 axb4 17. axb4 $14) 15. d5 Na7 16. c4 axb4 17. axb4 bxc4 18. Nxc4 Qb8
19. Na5 $14 {1/2-1/2 Galliamova,A-Xie Jun/Kazan/Shenyang 1999/CBM 073/[Hecht] 
(84)}) (9... Kh8 10. d4 exd4 11. cxd4 d5 12. Ne5 (12. e5 Ne4 13. Nc3 Nxc3 14.
bxc3 Bf5 $11) (12. Bxd5 Nxd5 13. exd5 Qxd5 14. Nc3 Qd8 15. d5 Na5 $13) 12...
Na5 13. Bxd5 Nxd5 14. exd5 Qxd5 15. Bd2 Bb7 16. Nf3 Nc6 17. Nc3 Qd8 18. d5 Na5
19. Bf4 Nc4 $13 {1/2-1/2 Kharlov,A-Grischuk,A/Moscow 1999/CBM 075 (39)}) (9...
Na5 10. Bc2 c5 11. d4 exd4 $146 {Taking with the e-P is a true novelty here.
The point is that Black can follow it up with Bg4.} (11... Qc7 12. Nbd2 (12. b4
cxb4 13. cxb4 Nc4 $13 {1-0 Suetin,A-Lengyel,L/Sarajevo 1965/MCD (67)}) 12...
cxd4 {The standard way to exchange in the Ruy Lopez.} 13. cxd4 Bg4 14. h3 Bxf3
15. Nxf3 Rac8 16. Re2 $14 {1-0 Suetin,A-Oldach,E/Bad Wildbad 1997/EXT 99 (32)})
(11... Nc6 12. Qd3 Bg4 13. Nbd2 cxd4 14. cxd4 exd4 15. Nxd4 Nxd4 16. Qxd4 Rc8
$11 {1/2-1/2 Minic,D-Milic,B/Beograd 1966/EXT 99 (20)}) 12. cxd4 Bg4 13. Nbd2 (
13. d5 Nc4 14. Nbd2 Nxd2 15. Bxd2 Nd7 $13 {/\Bf6}) 13... cxd4 14. h3 Bh5 15. g4
d3 $1 (15... Nxg4 16. hxg4 Bxg4 17. Nb3 $14) (15... Bg6 16. Nxd4 d5 17. e5 Bxc2
18. Qxc2 Nd7 19. e6 $36) 16. Bxd3 Bg6 17. Nf1 (17. Nd4 d5 $11) 17... d5 18. e5
(18. exd5 Bxd3 19. Qxd3 Qxd5 20. Qxd5 Nxd5 $11) 18... Ne4 19. Ne3 Nc6 {Already
the position isn´t all that comfortable for White. Short decides to break out
with an imaginative manoeuvre.} (19... Nc4 $11) 20. Nf5 $5 (20. Qc2 Rc8 21.
Nxd5 Nxe5 22. Nxe7+ Qxe7 23. Qd1 Nxd3 24. Qxd3 Rfd8 $17) (20. Bc2 Bc5 21. Bb3
Ne7 22. Nh4 $13) 20... Bxf5 21. gxf5 Qc8 22. Rxe4 $5 (22. Qc2 Qxf5 $1 23. Rxe4
dxe4 24. Bxe4 Qxh3 25. Qxc6 Rac8 26. Qb7 Bc5 $40) 22... dxe4 23. Bxe4 $44 {
1/2-1/2 Short,N-Almasi,Z/Pamplona 1999/CBM 075/[Wedberg] (42)}) (9... h6 10. d4
Bg4 11. Ba2 exd4 12. cxd4 d5 13. e5 Ne4 14. h3 Bh5 15. g4 Bg6 16. Qb3 Qe8 17.
Nc3 (17. Qxd5 Rd8 18. Qb3 Nxd4 $17) 17... Na5 18. Qd1 Nxc3 19. bxc3 Nc4 $15 {
0-1 Kharlov,A-Grischuk,A/Moscow 1999/CBM 075 (35)}) 10. d4 {taking control of
the centre.} ({Nothing gives} 10. Bxe6 fxe6 11. d4 Nh5 (11... Qc8 12. Nbd2 Nd7
13. a4 Nd8 $13 {1/2-1/2 Kharlov,A-Nenashev,A/Moscow 1992/CBM 33 (42)}) 12. d5
Na5 13. b4 Nc4 14. dxe6 Qe8 $36 {0-1 Azaric,S-Ziatdinov,R/Belgrade 1989/EXT 97
(40)}) 10... Bxb3 (10... Bg4 {leads to C91, a theoretical position with
White's extra tempo a2-a3.} 11. Be3 exd4 12. cxd4 d5 13. e5 Ne4 14. Nbd2 Qd7
15. Qb1 $14 {0-1 Suetin,A-Smagin,S/Moscow 1982/MCD (77)}) 11. Qxb3 Nd7 {
liberating the square f6 for the dark-squared bishop. Black tried also:} (11...
Qb8 12. Nbd2 Qb6 13. d5 Na5 14. Qd1 c5 (14... c6 15. dxc6 Qxc6 16. Qc2 Rac8 $13
) 15. b4 Nb7 16. Rb1 Rfc8 17. Nf1 a5 $132 {0-1 Suetin,A-Keres,P/Tallinn 1965/
URS-ch (40)}) ({The immediate} 11... d5 {doesn't equalize:} 12. exd5 Na5 13.
Qc2 exd4 14. cxd4 Nxd5 15. Nc3 Nxc3 16. Qxc3 Nc4 17. a4 Bf6 18. b3 Nd6 19. Bf4
$14 {/+/- 1/2-1/2 Nijboer,F-Hamdouchi,H/Wijk aan Zee 2004/CBM 099 (93)}) 12.
Qc2 $146 {moving away the queen from a possible Nc6-a5 attack. According to my
database, this position appeared for the first time.} ({In the previous game
White continued} 12. Nbd2 Bf6 13. d5 Na5 14. Qc2 Nb6 15. Nf1 c5 16. dxc6 Qc7
17. Be3 Nac4 18. Bxb6 Nxb6 19. Ne3 Qxc6 20. Rad1 $14 {1/2-1/2 Suetin,A-Stein,L/
Kiev 1964/URS-ch (47)}) 12... Na5 13. Nbd2 {covering the c4 square.} ({Worth
considering is:} 13. Rd1 $5 Qc8 (13... exd4 14. cxd4 c5 15. dxc5 dxc5 16. Ne5
Ra7 17. Nc3 Bf6 18. Bf4 $16) 14. Nbd2 c5 15. b4 Nb7 (15... cxb4 16. axb4 Nc4
17. Nxc4 Qxc4 18. dxe5 $14) 16. bxc5 exd4 17. cxd4 dxc5 18. d5 Qc7 19. Bb2 $14)
(13. b4 {weakens the spot c4.} Nc4) 13... exd4 14. cxd4 c5 {Black attacks
White's centre, hoping to open either a long diagonal for the dark-squared
bishop or the c-file for the queenside rook.} 15. b4 $1 (15. d5 {is bad from a
strategical point of view- Black is getting a long diagonal and the c5 and b3
spots:} Bf6 $1 {[%cal Yc5c4,Yd7c5]}) 15... Nc6 16. bxc5 {getting two pawns in
centre.} ({Nothing promises} 16. Bb2 Nxd4 17. Nxd4 cxd4 18. Bxd4 Bf6 19. Nf3
Ne5 $11) 16... dxc5 17. d5 Nce5 {White has more pawns in the centre, than
black. But, they are blocked by black's light pieces... Now black's plan
should be an occupation of the stronghold d3 by c5-c4 followed by Nd3.} 18.
Nxe5 (18. Bb2 Bf6 19. a4 c4 $132) 18... Nxe5 19. Bb2 Bf6 20. f4 {White has to
push forward his pawns. Otherwise, Black will be better:} (20. Rad1 c4 21. Bxe5
Bxe5 22. Nf3 f6 $15) (20. a4 c4 $1 $15 (20... Nd3 21. Qxd3 Bxb2 22. Rab1 c4 23.
Qc2 c3 24. Nf3 $16)) 20... Nd3 $1 21. e5 $1 (21. Qxd3 Bxb2 $15) 21... c4 $1 {
opening the diagonal a7-g1, thus, threatening mate.} ({If black captures the
e1 rook, his position will become unpleasant in view of losing the bishop:} 
21... Nxe1 $2 22. Rxe1 Bh4 23. g3 Bxg3 24. hxg3 Qxd5 25. Ne4 $16 {[%cal Ge4d6]}
) 22. Rf1 {covering the square f2.} (22. Re4 {is a bit risky:} Bh4 23. g3 Qd7
24. gxh4 Qg4+ 25. Kf1 Nxf4 26. Rxf4 Qxf4+ 27. Kg1 Rad8 28. d6 f6 29. exf6 Rxf6
(29... Rxd6 30. Ne4 Qe3+ 31. Kh1 Qf3+ 32. Kg1 Rd3 $15) 30. Bxf6 Qxf6 31. Rf1
Qxd6 $15) 22... Qb6+ 23. Kh1 Nf2+ $2 {allowing White to get an advantage.} ({
Stronger was} 23... Bd8 $1 24. Rf3 $1 (24. Ne4 Qb7 25. Nc3 Ba5 26. d6 Rae8 27.
Ne2 f6 28. Ng3 Bb6 {[%cal Gf6e5]} 29. Nf5 fxe5 30. fxe5 Qc8 31. Ne7+ Rxe7 $17)
24... Nf2+ 25. Kg1 Ng4+ 26. Kh1 Nf2+ $11) 24. Rxf2 Qxf2 25. Rf1 (25. exf6 Rfd8
26. Rf1 Qe2 {leads to the game.}) 25... Qe2 26. exf6 Rfd8 27. Qf5 $2 {throwing
away his advantage.} ({Better was} 27. Qc1 Rxd5 28. Nb1 $1 {[%cal Yb1c3]} Qg4
29. Nc3 $16) 27... g6 28. Qg5 Qh5 $1 {The queen rescues his monarch, coming
back in the nick of time!} 29. Qxh5 (29. Qg3 {leads to an unclear position.}
Rxd5 30. Nf3 Rd3 $13) 29... gxh5 30. h4 Rxd5 31. Ne4 Rad8 {[%cal Yd5d1]
threatening with the trade of the rooks.} 32. Kh2 Rd1 33. Rf2 {Of course,
White cannot change the rooks. Otherwise, Black's c-pawn will become
unstoppable.} h6 {covering the square g5, thus, preparing to activate his
monarch, moving him to g6 via h7.} 34. Bc3 {White activates his bishop,
transfering it to b4.} R1d3 35. Bb4 Re3 $11 {Now Black is controlling both the
open e- and f- file. The position is objectively equal.} 36. Nd6 Rd3 $6 {
Inaccuracy, that gives White some chances. Now White will be able to take
control over the open e-file.} ({Stronger was} 36... a5 $1 37. Nb7 (37. Nf5
axb4 $1 38. Nxe3 bxa3 39. Ra2 Rd3 40. Nc2 Rd2 41. Kg3 Kh7 42. f5 Rxc2 43. Rxc2
b4 $19) (37. Bc5 Rd3 38. Nf5 (38. Nxb5 R8d5 $19) 38... Kh7 $15) 37... axb4 38.
Nxd8 bxa3 39. Nc6 Rb3 40. Ra2 Kh7 41. f5 c3 42. Nd4 Rb4 43. Rxa3 Rxd4 44. Rxc3
Rxh4+ 45. Kg1 Rf4 46. Rc5 b4 47. Rb5 h4 48. Rb7 Rxf5 49. Rxb4 $11) 37. Nf5 Kh7
{protecting the h6 pawn.} 38. Re2 R3d5 39. Ng3 Rc8 40. Re7 (40. Ne4 Kg6 $11)
40... Kg8 $2 ({Black should have continued with} 40... c3 $1 41. Rxf7+ Kg6 42.
Ra7 c2 43. Ne2 Kxf6 44. Rxa6+ Kf7 45. Rxh6 Re8 46. Nc1 Rd1 47. Nb3 Re3 48. Rc6
$11) 41. Ne4 Rc6 42. Bc3 $14 {Now white's pieces become very active. Black's
queenside pawns are blocked, so White has got some chances to win the game.}
Rd3 43. Kg1 (43. Re5 {deserves attention:} Re6 44. Rxe6 (44. Kg1 Rxe5 45. fxe5
Re3 $19) 44... fxe6 45. Kg1 Kf7 (45... Re3 46. Kf2 Rxe4 47. Kf3 $18) 46. Kf2
Kg6 47. Ke2 Kf7 $14) 43... a5 44. Kf2 $6 ({White had more chances after} 44.
Re5 b4 (44... Re6 45. Kf2 $16) 45. axb4 axb4 46. Bxb4 c3 47. Bxc3 Rcxc3 48.
Nxc3 Rxc3 49. Rxh5 Kh7 {[%cal Yc3c6]} 50. Kh2 Kg6 (50... Rc6 51. Rf5 Kg6 52. g4
$18) 51. g4 Rc2+ 52. Kg3 Rc3+ 53. Kf2 Rc4 54. Ke3 Ra4 55. Rf5 (55. f5+ Kxf6 56.
Rxh6+ Ke5 57. g5 (57. Kf3 Ra3+ $11) 57... Kxf5 58. Rf6+ Kg4 59. Rxf7 Ra3+ $11)
55... Ra3+ 56. Kd2 Ra2+ 57. Kc3 Ra3+ 58. Kb4 Rh3 59. h5+ Kh7 {[%cal Yh3h4]} 60.
Kc5 Rh4 61. Kd6 Rxg4 62. Ke7 Kg8 63. Rd5 Rxf4 64. Rd8+ Kh7 65. Rf8 (65. Kxf7
Rxf6+ $11) 65... Re4+ 66. Kxf7 Re7+ $11) 44... b4 $1 {Black sacrifices the
pawn, in order to push his c-pawn foward.} 45. axb4 axb4 46. Bxb4 c3 47. Nxc3 {
There is no other way to stop black's passed pawn.} Rdxc3 48. Bxc3 Rxc3 49. Re3
Rc6 50. Kf3 Rxf6 $11 {The rook endgame three on two is theoretically drawish.
The rest needs no comment.} 51. Re5 Ra6 52. Rxh5 Kg7 53. Kg4 Ra2 54. g3 Ra3 55.
Rb5 Rc3 56. f5 h5+ 57. Kf4 Rc4+ 58. Ke5 Rc3 59. Rb8 Rxg3 60. f6+ Kh7 61. Rf8
Re3+ 62. Kf5 Rf3+ 63. Kg5 Rg3+ 64. Kxh5 Rg5+ $1 65. hxg5 1/2-1/2

[Event "Interzonal-16"]
[Site "Biel"]
[Date "1993.??.??"]
[Round "7"]
[White "Smirin, Ilia"]
[Black "Frolov, Artur"]
[Result "1-0"]
[WhiteElo "2640"]
[BlackElo "2535"]
[Annotator "Ernst,T"]
[PlyCount "115"]
[EventDate "1993.07.16"]
[EventType "swiss"]
[EventRounds "13"]
[EventCountry "SUI"]
[SourceTitle "CBM 037"]
[Source "ChessBase"]
[SourceDate "1993.12.01"]
[SourceVersion "1"]
[SourceVersionDate "1993.12.01"]
[SourceQuality "1"]

1. e4 e5 2. Nf3 Nc6 3. Bb5 a6 4. Ba4 Nf6 5. O-O Be7 6. Re1 b5 7. Bb3 d6 8. c3
O-O 9. d3 Na5 10. Bc2 c5 11. Nbd2 Nc6 12. Nf1 Re8 13. h3 Bf8 $6 (13... h6 $142)
(13... Bb7 {- C 92}) 14. Bg5 h6 15. Bh4 Be7 16. Ne3 Nd7 (16... Nh5 $2 17. Nxe5
$1 Bxh4 18. Nxc6 Qg5 19. Qf3 Bd7 20. Na5 $16) (16... Nh7 $5) 17. Bg3 $1 Bf6 18.
a4 b4 $2 (18... Rb8 $14) 19. Nd5 Nb6 (19... a5 20. d4 Nb6 21. dxc5 dxc5 22. Bd3
$1 {/\ Bb5+/-}) 20. Nxf6+ Qxf6 21. a5 Nd7 22. Bh4 (22. Nd2 $16 {><c4, b6, d6})
22... g5 23. Bg3 Nf8 24. Nd2 (24. Ba4 $5 Bd7 25. Nd2) 24... Be6 25. Ba4 Rec8
26. d4 $6 (26. Bxc6 Rxc6 27. cxb4 cxb4 28. d4 $1 $16) 26... bxc3 27. bxc3 cxd4
28. Bxc6 Rxc6 29. cxd4 Rc3 $1 $8 (29... exd4 30. Bxd6 $1) 30. Qb1 $1 Rac8 31.
Qb4 Bd7 (31... Rd3 32. d5 Rd4 (32... Bd7 33. Nc4 Rd4 34. Qxd6 $18) 33. Qxd6 $1
Rxd2 34. Qxa6 Rcc2 35. Rf1 $18) 32. Nf1 $5 (32. dxe5 dxe5 33. Nf1 Ng6 34. Ne3
Be6 $13) 32... exd4 (32... R3c4 33. dxe5 dxe5 34. Qb6 $1 R4c6 (34... Qxb6 35.
axb6 $16) 35. Qb2 Ng6 36. Ne3 Be6 37. Nd5 Bxd5 38. exd5 Rc2 39. Qb6 $1 Qxb6 40.
axb6 $14) 33. e5 dxe5 34. Bxe5 Qc6 35. Qxd4 Rc4 36. Qb2 Ng6 $6 (36... Rc2 $142)
37. Ne3 Rc5 38. Bd4 Rb5 39. Qd2 Nf4 40. Bb2 $2 (40. Rac1 Qd6 (40... Qxc1 41.
Rxc1 Rxc1+ 42. Kh2 Rbb1 (42... Rc8 43. Ba1 $18) 43. Bb2 $1 Rh1+ 44. Kg3 Be6 (
44... Nh5+ 45. Kf3 Bc6+ 46. Kg4 $18) (44... Rxh3+ 45. gxh3 Rg1+ 46. Kh2) 45.
Qd8+ Kh7 46. Qh8+ Kg6 47. Kf3 $3 {/\ 48.Qg7 Kh5 49.g4} f5 48. Be5 $1 (48. Qg7+
Kh5 49. g4+ $2 fxg4+ 50. hxg4+ Bxg4+ 51. Nxg4 Rh3+) 48... Rb4 $8 49. Qf6+ Kh5
50. Bxf4 Rxf4+ 51. Ke2 Re4 $8 52. f3 Rxe3+ (52... Bc4+ 53. Kf2 Rxe3 54. g4+ $18
) 53. Kxe3 f4+ 54. Kd2 Bc4 55. h4 $1 Rh2 56. hxg5 Rxg2+ 57. Kc3 $18) 41. Rxc8+
Bxc8 42. Qc2 Qxd4 (42... Be6 43. Ba1 {/^a1-h8}) 43. Qxc8+ Kh7 44. Rd1 $16 {עh7
}) 40... Rcb8 41. Ra2 $1 f6 (41... Be6 $2 42. Qd4) 42. Ba1 Rb1 43. Rxb1 Rxb1+
44. Kh2 Nxh3 $2 (44... Qe6 45. Ng4 $18) (44... Qc7 45. Rc2 $18) (44... Rc1 45.
Bxf6 Nxh3 46. Nd5 Qd6+ 47. f4 $1 $18) (44... Bxh3 $1 $8 45. Qd8+ (45. Rc2 $2
Qa8) 45... Kf7 46. Rc2 Qe6 (46... Bxg2 $2 47. Rxc6 Rh1+ 48. Kg3 Rh3+ 49. Kg4
Rh4+ 50. Kf5 Bh3+ 51. Ng4 $1 Bxg4+ 52. Ke4 $18) 47. Rc7+ Kg6 48. Re7 {/\ Qe8}
Qc8 $1 $8 49. Rg7+ Kh5 50. Qxc8 (50. Qxf6 $5 Rh1+ $1 51. Kg3 Ne2+ 52. Kf3 $13)
50... Bxc8 51. Bxf6 $14) 45. Qd3 $1 $8 (45. Nd5 $2 Qd6+ 46. f4 Rxa1 $1 47. Rxa1
Nxf4 48. Nxf6+ Qxf6 49. Qxd7 Qxa1 $19) (45. Rc2 Nxf2 $1 46. Rxc6 (46. Qxf2 Qd6+
47. g3 Rxa1 $19) 46... Rh1+ 47. Kg3 Ne4+ 48. Kf3 Nxd2+ $19) 45... Qc7+ (45...
Nf4 46. Qxb1 $18) (45... Rxa1 46. Qg6+ Kh8 47. Rxa1 Qd6+ 48. g3 $18) 46. g3 Qc1
47. Qg6+ Kf8 48. Qxf6+ Ke8 49. Qh8+ $2 (49. Qg6+ Kd8 50. Bf6+ Kc8 51. Rc2+ $18)
49... Kf7 50. Qg7+ Ke8 51. Qg8+ $2 Ke7 52. Nf5+ Bxf5 53. Re2+ Kd6 54. Qf8+ Kc6
$6 (54... Kc7 55. Be5+ Kc6 56. Qf6+ Kd5 57. Qd6+ Kc4 58. Qc6+ $18) 55. Qf6+ Kb7
56. Re7+ Kb8 57. Be5+ Kc8 58. Qf8# 1-0

[Event "PCA-Wch Candidates m2"]
[Site "New York"]
[Date "1994.??.??"]
[Round "6"]
[White "Anand, Viswanathan"]
[Black "Romanishin, Oleg M"]
[Result "1/2-1/2"]
[WhiteElo "2715"]
[BlackElo "2585"]
[Annotator "Ftacnik,L"]
[PlyCount "73"]
[EventDate "1994.06.??"]
[EventType "match"]
[EventRounds "7"]
[EventCountry "USA"]
[SourceTitle "CBM 042"]
[Source "ChessBase"]
[SourceDate "1994.10.01"]
[SourceVersion "1"]
[SourceVersionDate "1994.10.01"]
[SourceQuality "1"]

1. e4 e5 2. Nf3 Nc6 3. Bb5 a6 4. Ba4 Nf6 5. O-O Be7 6. Re1 b5 7. Bb3 d6 8. c3
Bg4 $5 9. d3 (9. h3 $1 Bh5 10. d3 O-O 11. Nbd2) 9... Na5 10. Bc2 c5 11. h3 (11.
Nbd2 O-O 12. Nf1 $36) 11... Bd7 12. d4 Qc7 13. Nbd2 cxd4 14. cxd4 Rc8 15. Bb1
O-O 16. Nf1 Rfe8 17. d5 (17. Ng3) 17... Nh5 $1 18. Bd3 (18. Nxe5 $2 Qxc1 $1 19.
Nxd7 (19. Qxc1 Rxc1 20. Rxc1 dxe5 $17) 19... Qxd1 20. Rxd1 Rc7 21. Nb6 Rb8 $19)
18... Bf6 19. Ne3 Nf4 20. Bf1 g6 21. Bd2 Bg7 22. Rc1 Qb6 23. b4 $1 Rxc1 24.
Qxc1 Nb7 25. Qb1 Rc8 26. Rc1 Rc7 27. Ng4 $2 (27. Kh2 {/\ g3+/=}) 27... Nd8 28.
Ne3 (28. g3 Nxh3+ 29. Bxh3 h5 $1) 28... Qb8 (28... f6 {/\ Nf7}) 29. Rxc7 Qxc7
30. Qb3 f6 31. Nd1 Nf7 32. Qa3 Qc2 33. Nc3 Ng5 $1 34. Nxg5 Qxd2 35. Nf3 Qc2 36.
Ne1 Qd2 37. Nf3 1/2-1/2

[Event "Donner Memorial-A"]
[Site "Amsterdam"]
[Date "1994.??.??"]
[Round "9"]
[White "Xie, Jun"]
[Black "Piket, Jeroen"]
[Result "0-1"]
[WhiteElo "2515"]
[BlackElo "2640"]
[Annotator "Ftacnik,L"]
[PlyCount "128"]
[EventDate "1994.08.??"]
[EventType "tourn"]
[EventRounds "9"]
[EventCountry "NED"]
[EventCategory "15"]
[SourceTitle "CBM 043"]
[Source "ChessBase"]
[SourceDate "1994.12.01"]
[SourceVersion "1"]
[SourceVersionDate "1994.12.01"]
[SourceQuality "1"]

1. e4 e5 2. Nf3 Nc6 3. Bb5 a6 4. Ba4 Nf6 5. O-O Be7 6. Re1 b5 7. Bb3 d6 8. c3
O-O 9. d3 (9. h3) 9... Na5 10. Bc2 c5 11. Nbd2 Nd7 $5 12. Nf1 Nb6 13. Ng3 (13.
Be3 Bf6 14. a4 Be6 15. b4 cxb4 16. cxb4 Nc6 17. a5 Nc8 $1 $10 {Adams,M-Sokolov,
I/Donner mem-A/1994/}) 13... Re8 (13... Nc6 14. h3 Be6 15. Nh2 Re8 16. Ng4 Bg5
$10 {Benjamin,J-Timman,J/Donner mem-A/1994/}) 14. h3 Bf8 15. d4 Nc6 (15... cxd4
16. cxd4 Nc6 17. d5 Nb4 18. Bb1 a5 19. a3 Na6 20. Bd3 $1 $14) 16. b3 Bd7 17.
Be3 $6 (17. d5 Ne7 18. Nh2 $13) 17... a5 18. Nh2 $6 (18. d5) (18. Qd2 $6 b4 $1
19. dxc5 dxc5 $15) 18... cxd4 19. cxd4 exd4 20. Bxd4 Nxd4 21. Qxd4 Rc8 22. Rac1
(22. Bd3 Rc5 $1 $15) 22... Rc5 23. Bb1 Qc7 24. Rcd1 (24. Rxc5 dxc5 $17) 24...
a4 25. Nf3 g6 26. Qd2 axb3 27. axb3 Rc3 $6 (27... Be6 28. Nd4 Bg7 $15) 28. Nd4
Bg7 29. Nge2 Rc5 30. Nf3 $2 (30. Bd3 $1 $10) 30... d5 $1 31. b4 Rc4 32. exd5
Qd6 33. Ba2 Rxb4 34. Ned4 (34. Nc3 Rxe1+ 35. Rxe1 $15) 34... Rxe1+ 35. Rxe1 Nc4
36. Qc3 Ra4 37. Bb3 Ra3 38. Qc1 Na5 39. Bc2 b4 (39... h6 $1 $17) 40. Be4 Rc3
41. Qg5 Qf6 $1 (41... Bf6 42. Qh6 $132) (41... Nb7 42. Ne6 $5) 42. Qg3 (42.
Qxf6 Bxf6 $17) 42... Qxd4 43. Qb8+ Rc8 44. Qxc8+ Bxc8 45. Nxd4 Bxd4 46. Bd3 (
46. Bxg6 fxg6 47. Re8+ Kf7 48. Rxc8 b3 $19) (46. d6 Bc3 $19) 46... Bf5 $1 47.
Bxf5 gxf5 48. d6 Nc6 49. d7 (49. Re8+ Kg7 50. Rc8 b3 $1 51. Rxc6 b2 $19) 49...
Bf6 50. Re8+ Kg7 51. Rc8 Nd8 52. Rb8 Be7 53. Rb6 f6 54. Kf1 f4 55. Ke2 Kf7 56.
Kd3 Bc5 57. Rb5 Bd6 58. Kc4 (58. Rh5 Ke6 59. Rxh7 Be7 60. h4 Kxd7 $19) 58...
Ke6 59. Rh5 Kxd7 60. Rxh7+ Ke6 61. h4 $2 Nf7 62. h5 (62. Rg7 Bf8 63. Rg8 Ne5+
64. Kb3 Kf7 $19) 62... Bf8 63. g4 (63. f3 f5 64. Kb3 Kf6 65. Kc4 Bg7 66. Kxb4
Ng5 $19) 63... fxg3 64. fxg3 f5 0-1

[Event "Lazne Bohdanec"]
[Site "Lazne Bohdanec"]
[Date "1994.??.??"]
[Round "5"]
[White "Kuporosov, Viktor"]
[Black "Blatny, Pavel"]
[Result "0-1"]
[WhiteElo "2520"]
[BlackElo "2525"]
[Annotator "Ftacnik,L"]
[PlyCount "84"]
[EventDate "1994.02.??"]
[EventType "tourn"]
[EventRounds "11"]
[EventCountry "CZE"]
[EventCategory "10"]
[SourceTitle "CBM 040"]
[Source "ChessBase"]
[SourceDate "1994.06.01"]
[SourceVersion "1"]
[SourceVersionDate "1994.06.01"]
[SourceQuality "1"]

1. e4 {Wedberg,T} e5 2. Nf3 Nc6 3. Bb5 a6 4. Ba4 Nf6 5. O-O Be7 6. Re1 b5 7.
Bb3 O-O 8. d3 d6 9. c3 Na5 10. Bc2 c5 11. Nbd2 Qc7 12. Nf1 Re8 13. Ne3 (13. Bg5
$5 Bb7 14. Ne3 $14) 13... Bf8 14. Bd2 Bb7 15. b4 $5 Nc6 16. Bb3 cxb4 (16... h6
{xg6}) (16... a5 $5 17. bxc5 dxc5 18. Nd5 Qd6 19. Nxf6+ Qxf6 20. Rb1 $14) 17.
cxb4 d5 $5 18. Rc1 (18. Nxd5 Nxd5 19. Bxd5 Nxb4 20. Rc1 Qd7 21. Bxb7 Qxb7 22.
Qb3 $13) 18... dxe4 $1 (18... d4 $2 19. Nd5 Qd6 20. Ng5 $1 $40) 19. Ng5 Re7 20.
Nxe4 Nxe4 21. dxe4 Rd7 22. Nd5 Qd8 23. Qg4 $2 (23. Qh5 $14 Nd4 $2 24. Bg5 $16)
23... Rd6 $1 24. a3 (24. Bg5 Rg6 25. Bxd8 Rxg4 26. Bb6 Nxb4 27. Rc7 $1 Bxd5 28.
exd5 Rg6 29. d6 $36) 24... Rg6 25. Qh5 Nd4 26. Ba2 Bc8 $1 27. h3 (27. Qxe5 $4
Nf3+) 27... a5 $1 28. bxa5 Bxa3 29. Rcd1 (29. Rc7 Bd6 $1) 29... Be6 30. Kh1 Bd6
31. Bb1 b4 32. f4 $2 {?? Wedberg,T} (32. Nxb4 Bb3 33. Rc1 Qxa5 $19) 32... Bg4
$1 33. hxg4 Rh6 34. Qxh6 gxh6 35. g3 Rxa5 36. fxe5 $2 Bxe5 37. Bxb4 Rxd5 $1 38.
exd5 Qxd5+ 39. Be4 Qb3 40. Bd6 Bxd6 41. Rxd4 Qxg3 42. Rxd6 (42. Re2 Qh3+ 43.
Kg1 Bc5 $19) 42... Qxe1+ 0-1

[Event "San Francisco"]
[Site "San Francisco"]
[Date "1995.??.??"]
[Round "6"]
[White "Nunn, John DM"]
[Black "Xie, Jun"]
[Result "1-0"]
[WhiteElo "2630"]
[BlackElo "2515"]
[Annotator "Ftacnik,L"]
[PlyCount "61"]
[EventDate "1995.??.??"]
[EventType "game"]
[EventCountry "ARG"]
[SourceTitle "CBM 046"]
[Source "ChessBase"]
[SourceDate "1995.06.01"]
[SourceVersion "1"]
[SourceVersionDate "1995.06.01"]
[SourceQuality "1"]

1. e4 {Wedberg} e5 2. Nf3 Nc6 3. Bb5 a6 4. Ba4 Nf6 5. O-O Be7 6. Re1 b5 7. Bb3
d6 8. a4 Bd7 9. c3 O-O 10. d3 Na5 11. Bc2 c5 12. Nbd2 Qc7 (12... h6 13. Nf1 Re8
14. Ng3 Bf8) 13. Nf1 b4 $6 (13... h6) (13... Nc6 {Wedberg} 14. Ne3 b4 15. d4
bxc3 16. bxc3 cxd4 17. cxd4 Nb4 18. Bb1 a5 $13) 14. cxb4 cxb4 15. Ne3 Be6 (
15... Rfc8 16. b3 Ng4 17. Nc4 Nxc4 18. dxc4 $14) 16. d4 {White comes rather
easily to creation of a pawn center d4-e4, so black has to generate some
counterplay along c file to keep equality.} Rfc8 17. h3 $1 {Intending 18.Bd2
and19. Rc1} (17. Bd2 Ng4 $1) 17... Nc4 (17... h6 18. b3 {xNa5}) 18. Bd3 Nxe3
19. Bxe3 Qb7 $2 {The idea is right, but opening of the center favours white
with active rook sitting on e1.} (19... a5 20. d5 Bd7 21. Nd2 $14) 20. dxe5 (
20. d5 $6 Bxd5 $1 21. exd5 e4) 20... dxe5 21. Nxe5 Nxe4 22. Bxe4 (22. Qf3 f5 $1
) 22... Qxe4 23. Bg5 Qb7 24. Nxf7 $1 {Nice tactical shot, that is a direct
consequence of the position's nature.} Kxf7 (24... Bxg5 25. Nxg5 Bd5 26. Qd3 (
26. Re7 $5 Qxe7 27. Qxd5+ Kh8 28. Nf7+ Kg8 29. Nd6+ Kh8 30. Nxc8 Rxc8 $16)
26... g6 27. Re5 Bxg2 $2 28. f3 $1) 25. Qh5+ Kg8 26. Rxe6 Rc5 27. h4 h6 {
This forces white to win in a direct attack. Black should have hoped for the
difficult position with heavy pieces.} (27... Rf8 28. Qg4 (28. Rxe7 $2 Qxe7 29.
Bxe7 Rxh5 30. Bxf8 Kxf8 31. g3 Rc5 $132) 28... Bxg5 29. hxg5 Rc2 30. Re2 $16)
28. Rxh6 $1 gxh6 29. Qg6+ Kh8 30. Qxh6+ Kg8 31. Qe6+ (31. Qe6+ Kg7 (31... Kf8
32. Bh6+ Ke8 33. Rd1 {/\ Qg8+-}) 32. Bxe7 $18) 1-0